000 00843nam a2200265Ia 4500
003 OSt
005 20220926015012.0
006 a|||||r|||| 00| 0
007 ta
008 220923b |||||||| |||| 00| 0 eng d
020 _a0870142275
037 _cGeneral Book
040 _aRTL
_cRTL
_beng
041 _2eng
_aeng
082 _aX:540k76.73.N7, L1
100 _aKravis Irring B
_9321467
245 0 _aPrince competitiveness in world trade
260 _aNew York
_bNBER
_c1971
300 _axxvii, 738p. Appendix p165-68, 533-726
_ccm.
490 _aNational Bureau of Economic Research, studies in international economic relations. 1
650 _aTrade
700 _a Lipsey Robert E
_9248049
942 _hX:540k76.73.N7, L1
_cGB
_2CC
999 _c630345
_d630345